Marx y marxismo; (Record no. 110335)

MARC details
000 -LEADER
campo de control de longitud fija 01078nam a2200301I 4500
001 - NÚMERO DE CONTROL
campo de control 43171
005 - FECHA Y HORA DE LA ÚLTIMA TRANSACCIÓN
campo de control 20230411085956.0
008 - DATOS DE LONGITUD FIJA--INFORMACIÓN GENERAL
campo de control de longitud fija 070206s1960 mx b 000 0 spa c
035 ## - NÚMERO DE CONTROL DEL SISTEMA
Número de control de sistema (OCoLC)ocm82143890
040 ## - FUENTE DE CATALOGACIÓN
Centro catalogador/agencia de origen MXADN
Centro/agencia transcriptor MXADN
020 ## - NÚMERO INTERNACIONAL ESTÁNDAR DEL LIBRO
Número Internacional Estándar del Libro 9681608135
020 ## - NÚMERO INTERNACIONAL ESTÁNDAR DEL LIBRO
Número Internacional Estándar del Libro 9789681608132
035 ## - NÚMERO DE CONTROL DEL SISTEMA
Número de control de sistema (OCoLC)82143890
090 ## - LOCALMENTE ASIGNADO TIPO-LC NÚMERO DE CLASIFICACIÓN (OCLC); NÚMERO DE CLASIFICACIÓN LOCAL (RLIN)
Número de clasificación (OCLC) (R) ; Numero de clasificación, CALL (RLIN) (NR) HX39.5
Número cutter local (OCLC) ; Número de libro/Signatura topográfica íntegra, CALL (RLIN) .M741 m1960
049 ## - FONDOS LOCALES (OCLC)
Biblioteca depositaria GRAL
100 1# - ENTRADA PRINCIPAL--NOMBRE DE PERSONA
Nombre de persona Mondolfo, Rodolfo,
Fechas asociadas al nombre 1877-1976.
245 10 - MENCIÓN DEL TÍTULO
Título Marx y marxismo;
Resto del título estudios histórico-críticos.
246 00 - FORMA VARIANTE DEL TITULO
Título propio/Titulo breve estudios históricos-críticos.
250 ## - MENCION DE EDICION
Mención de edición 1a. ed.
260 ## - PUBLICACIÓN, DISTRIBUCIÓN, ETC.
Lugar de publicación, distribución, etc. México,
Nombre del editor, distribuidor, etc. Fondo de Cultura Económica,
Fecha de publicación, distribución, etc. 1960
300 ## - DESCRIPCIÓN FÍSICA
Extensión 246 p.
Dimensiones 22 cm.
505 8# - NOTA DE CONTENIDO CON FORMATO
Nota de contenido con formato Cap. 1. Feuerbach y March.-- Cap. 2. Gérmenes en bruno, bacony spinoza del concepto marxista de la historia.-- Cap. 3. Marx y Mazzini.-- Cap. 4. La dialéctica en Engels.-- Cap. 5. En torno a Gramsci y la filosofía de la praxis.-- Cap. 6. El problema histórico de hilferding.
600 10 - PUNTO DE ACCESO ADICIONAL DE MATERIA--NOMBRE DE PERSONA
Nombre de persona Historia -
Subdivisión general filosofía.
650 #4 - PUNTO DE ACCESO ADICIONAL DE MATERIA--TÉRMINO DE MATERIA
Término de materia o nombre geográfico como elemento de entrada Marxismo.
942 ## - ELEMENTOS DE ENTRADA SECUNDARIOS (KOHA)
Fuente del sistema de clasificación o colocación Clasificación de Library of Congress
Tipo de ítem Koha
946 ## - PROCESAMIENTO DE INFORMACIÓN LOCAL (OCLC)
a clperez
994 ## -
-- C0
-- DRFGD
Holdings
Estatus retirado Estado de pérdida Fuente del sistema de clasificación o colocación Estado de daño No para préstamo Colección Biblioteca de origen Biblioteca actual Ubicación en estantería Fecha de adquisición Código de barras Visto por última vez Copia número Tipo de ítem Koha
    Clasificación de Library of Congress     Automatización y Procesos Técnicos Biblioteca Juan Bosch Biblioteca Juan Bosch Automatización y Procesos Técnicos (1er. Piso) 11/04/2023 00000044142 17/02/2019 1